Biodiversity: new leads for the pharmaceutical and agrochemical industries (Record no. 64619)

MARC details
000 -LEADER
fixed length control field 01129nam a2200361Ia 4500
003 - CONTROL NUMBER IDENTIFIER
control field OSt
005 - DATE AND TIME OF LATEST TRANSACTION
control field 20220912151246.0
008 - FIXED-LENGTH DATA ELEMENTS--GENERAL INFORMATION
fixed length control field 220909b |||||||| |||| 00| 0 eng d
020 ## - INTERNATIONAL STANDARD BOOK NUMBER
International Standard Book Number 0854048308 (hbd)
037 ## - SOURCE OF ACQUISITION
Terms of availability Textual
040 ## - CATALOGING SOURCE
Original cataloging agency CSL
Language of cataloging eng
Transcribing agency CSL
041 ## - LANGUAGE CODE
Language code of text/sound track or separate title eng
100 ## - MAIN ENTRY--PERSONAL NAME
Personal name Wrigley Stephen K Ed
245 #0 - TITLE STATEMENT
Title Biodiversity: new leads for the pharmaceutical and agrochemical industries
260 ## - PUBLICATION, DISTRIBUTION, ETC.
Place of publication, distribution, etc. Cambridge
Name of publisher, distributor, etc. TheRoyal Society of Chemistry
Date of publication, distribution, etc. 2000
300 ## - PHYSICAL DESCRIPTION
Extent vi,313p
490 ## - SERIES STATEMENT
Series statement RSC special publication; 257
500 ## - GENERAL NOTE
General note Includes bibliographical references; Index 295-313p
650 ## - SUBJECT ADDED ENTRY--TOPICAL TERM
Topical term or geographic name entry element Biodiversity
650 ## - SUBJECT ADDED ENTRY--TOPICAL TERM
Topical term or geographic name entry element Ecology
650 ## - SUBJECT ADDED ENTRY--TOPICAL TERM
Topical term or geographic name entry element Biology
700 ## - ADDED ENTRY--PERSONAL NAME
Personal name Chrystal Ewan J T Ed
700 ## - ADDED ENTRY--PERSONAL NAME
Personal name Hayes Martin A Ed
700 ## - ADDED ENTRY--PERSONAL NAME
Personal name Nicholson Neville Ed
700 ## - ADDED ENTRY--PERSONAL NAME
Personal name Thomas Robert Ed
942 ## - ADDED ENTRY ELEMENTS (KOHA)
Classification part G:5(U3), P0
Koha item type Textual
Source of classification or shelving scheme Colon Classification (CC)
Holdings
Withdrawn status Lost status Damaged status Not for loan Home library Current library Date acquired Source of acquisition Serial Enumeration / chronology Total Checkouts Full call number Barcode Date last seen Price effective from Koha item type
        Central Science Library Central Science Library 2022-09-12 Apple, Proceedings of the International meeting on Biodiversity: a source of new leads for the pharmaceutical and agrochemical industries held on 5-8, Sept. 1999 at the University of St. Andrews   G:5(U3) P0 SL1176385 2022-09-12 2022-09-12 Textual
Copyright @ Delhi University Library System